| 000 | 01075nam2a22002531 4500 | ||
|---|---|---|---|
| 001 | rc\3955502 | ||
| 005 | 20251202134354.0 | ||
| 021 |
_aRU _b[57-278] |
||
| 035 | _a(NLR Aleph) 008047290 | ||
| 090 |
_a8919127 _c8919127 |
||
| 100 | _a20130415d1956 u y0rusy50 ca | ||
| 101 | 0 | _arus | |
| 102 | _aRU | ||
| 105 | _aag z ||||| | ||
| 200 | 0 | _aВып. 1 | |
| 210 | _d1956 | ||
| 215 |
_a424 с., 12 л. ил. _cнот. |
||
| 461 | 0 |
_1001rc\3955501 _12001#$aМузыкальная литература$e[Учеб. пособие для дет. муз. школ]$vВып. 1 _1700#1$aВладимиров$bВ. Н.$cмузыковед$f1892-$gВладимир Николаевич$3RU\NLR\AUTH\7748736 _98919122 _aВладимиров, В. Н. (музыковед ; 1892-) _cМосква _d1956 _e2-е изд. Вып. 1- _nМузгиз _o[Учеб. пособие для дет. муз. школ] _tМузыкальная литература _vВып. 1 |
|
| 801 | 0 |
_aRU _bNLR _gpsbo |
|
| 801 | 1 |
_aRU _bELAR _2rusmarc |
|
| 852 |
_aNLR _j57-7/98 |
||
| 942 | _cBOOK | ||
| 980 | _aNB | ||